Minor works contract 1980 edition (Record no. 95800)

MARC details
000 -LEADER
fixed length control field 00442cam a2200181 4500
001 - CONTROL NUMBER
control field D3645
008 - FIXED-LENGTH DATA ELEMENTS--GENERAL INFORMATION
fixed length control field 090401t1980 xxu||||| |||| 00| 0 eng d
035 ## - SYSTEM CONTROL NUMBER
System control number (Sirsi) u74284
041 ## - LANGUAGE CODE
Language code of text/sound track or separate title eng
050 ## - LIBRARY OF CONGRESS CALL NUMBER
Classification number 692.8
110 ## - MAIN ENTRY--CORPORATE NAME
Corporate name or jurisdiction name as entry element The Faculty of Architects and Surveyors
9 (RLIN) 395
245 ## - TITLE STATEMENT
Title Minor works contract 1980 edition
260 ## - PUBLICATION, DISTRIBUTION, ETC.
Place of publication, distribution, etc. Chippenham Wilts
Name of publisher, distributor, etc. FAS
Date of publication, distribution, etc. 1980
300 ## - PHYSICAL DESCRIPTION
Extent 7p. 30cm
350 ## - PRICE (NR) (BK AM CF MU VM SE) [OBSOLETE]
Price 2
942 ## - ADDED ENTRY ELEMENTS (KOHA)
Suppress in OPAC 0
948 ## - LOCAL PROCESSING INFORMATION (OCLC); SERIES PART DESIGNATOR (RLIN)
c (OCLC) 04/03/1997
Holdings
Withdrawn status Lost status Source of classification or shelving scheme Damaged status Not for loan Home library Current library Shelving location Date acquired Cost, normal purchase price Total Checkouts Full call number Barcode Date last seen Copy number Cost, replacement price Price effective from Koha item type
    Dewey Decimal Classification     London London Pamphlets 14/09/1999 2.00   P692.8 30004658 06/08/2019 1 2.00 06/08/2019 Reference material